American Sign Language dictionary / (Record no. 32)

MARC details
000 -LEADER
fixed length control field 01330pam a2200349 a 4500
005 - DATE AND TIME OF LATEST TRANSACTION
control field 20260322212003.0
008 - FIXED-LENGTH DATA ELEMENTS--GENERAL INFORMATION
fixed length control field data
010 ## - LIBRARY OF CONGRESS CONTROL NUMBER
LC control number 98025273
020 ## - INTERNATIONAL STANDARD BOOK NUMBER
International Standard Book Number 0062736345
020 ## - INTERNATIONAL STANDARD BOOK NUMBER
International Standard Book Number 9780062736345
040 ## - CATALOGING SOURCE
Original cataloging agency DLC
Transcribing agency DLC
Modifying agency DLC
043 ## - GEOGRAPHIC AREA CODE
Geographic area code n------
050 00 - LIBRARY OF CONGRESS CALL NUMBER
Classification number HV2475
Item number .S78 1998
082 00 - DEWEY DECIMAL CLASSIFICATION NUMBER
Classification number 419
Edition information 21
092 ## - LOCALLY ASSIGNED DEWEY CALL NUMBER (OCLC)
Classification number 419 S78 1998
001 - CONTROL NUMBER
control field data
100 1# - MAIN ENTRY--PERSONAL NAME
Personal name Sternberg, Martin L. A.
245 10 - TITLE STATEMENT
Title American Sign Language dictionary /
Statement of responsibility, etc. Martin L. A. Sternberg & Martin L. A. Sternberg.
250 ## - EDITION STATEMENT
Edition statement 3rd ed., rev. ed.
260 ## - PUBLICATION, DISTRIBUTION, ETC.
Place of publication, distribution, etc. New York :
Name of publisher, distributor, etc. HarperPerennial,
Date of publication, distribution, etc. c1998.
300 ## - PHYSICAL DESCRIPTION
Extent xvii, 772 p. :
Other physical details ill. ;
Dimensions 25 cm.
500 ## - GENERAL NOTE
General note "More than 5,000 signs and 8,000 illustrations"--Cover.
500 ## - GENERAL NOTE
General note "Abridged edition of American Sign Language".
650 #0 - SUBJECT ADDED ENTRY--TOPICAL TERM
Topical term or geographic name entry element American Sign Language
General subdivision Dictionaries.
700 1# - ADDED ENTRY--PERSONAL NAME
Personal name Sternberg, Martin L. A.
Title of a work American Sign Language.
856 42 - ELECTRONIC LOCATION AND ACCESS
Materials specified Publisher description
Uniform Resource Identifier <a href="http://www.loc.gov/catdir/description/hc041/98025273.html">http://www.loc.gov/catdir/description/hc041/98025273.html</a>
856 42 - ELECTRONIC LOCATION AND ACCESS
Materials specified Contributor biographical information
Uniform Resource Identifier <a href="http://www.loc.gov/catdir/enhancements/fy0912/98025273-b.html">http://www.loc.gov/catdir/enhancements/fy0912/98025273-b.html</a>
906 ## - LOCAL DATA ELEMENT F, LDF (RLIN)
a 7
b cbc
c orignew
d 1
e ocip
f 19
g y-gencatlg
991 ## -
-- c-GenColl
-- HV2475
-- .S78 1998
-- Copy 1
-- BOOKS
Holdings
Withdrawn status Lost status Damaged status Not for loan Home library Current library Shelving location Date acquired Total checkouts Full call number Barcode Date last seen Price effective from Koha item type
        Centerville Centerville General stacks 22/03/2026   419 21 BC0010032 22/03/2026 22/03/2026 Books